000 00326nam a2200133 a 4500
005 20141022142008.0
008 120228s19uu xx 00 eng d
050 _aCD-ROM
_bB59 2000
100 _aBlanchard, Olivier
245 _aMacroeconomics /
_cOlivier Blanchard.
250 _a3rd ed.
260 _c2000.
942 _cAVM
999 _c276628
_d276628